The plot thickens / Susan Page Davis.
Available copies
- 1 of 1 copy available at LARL/NWRL Consortium.
Current holds
0 current holds with 1 total copy.
Show All Copies
| Location | Call Number / Copy Notes | Barcode | Shelving Location | Status | Due Date |
|---|---|---|---|---|---|
| Warroad Public Library | lp DAV (Text) | 35500006661738 | Main | Available | - |
Record details
- ISBN: 9781638086864
- ISBN: 1638086869
- Physical Description: 343 pages (large print) : illustrations, ; 23 cm.
- Edition: Center Point Large Print edition.
- Publisher: Thorndike, Maine : Center Point Large Print, 2023.
- Copyright: ©2022
Content descriptions
| General Note: | Regular print version previously published by Scrivenings Press. |
| Summary, etc.: | "Murder strikes Skirmish Cove during the coastal ... Read More |
Search for related items by subject
| Subject: | Hotelkeepers > Fiction. Murder > Investigation > Fiction. Siblings > Fiction. Small cities > Fiction. Large type books. Maine > Fiction. |
| Genre: | Cozy mysteries. Detective and mystery fiction. Christian fiction. Large print books. |
Search for related items by series
| LDR | 02194cam a2200505Ii 4500 | ||
|---|---|---|---|
| 001 | 413130 | ||
| 003 | LARL_NWRL_CONSORTIUM | ||
| 005 | 20230418170502.0 | ||
| 008 | 230220t20232022meua ed 000 f eng d | ||
| 007 | tb | ||
| 010 | . | ‡a 2022951683 | |
| 040 | . | ‡aCPLPT ‡beng ‡erda ‡cCPLPT ‡dJNE | |
| 020 | . | ‡a9781638086864 ‡q(hardback : alk. paper) | |
| 020 | . | ‡a1638086869 | |
| 035 | . | ‡a(OCoLC)1370608085 | |
| 043 | . | ‡an-us-me | |
| 082 | 0 | 4. | ‡a813.6 ‡223/eng/2019 |
| 100 | 1 | . | ‡aDavis, Susan Page, ‡eauthor. ‡0(LARL_NWRL_CONSORTIUM)195762 |
| 245 | 1 | 4. | ‡aThe plot thickens / ‡cSusan Page Davis. |
| 250 | . | ‡aCenter Point Large Print edition. | |
| 264 | 1. | ‡aThorndike, Maine : ‡bCenter Point Large Print, ‡c2023. | |
| 264 | 4. | ‡c©2022 | |
| 300 | . | ‡a343 pages (large print) : ‡billustrations, ; ‡c23 cm. | |
| 336 | . | ‡atext ‡btxt ‡2rdacontent | |
| 337 | . | ‡aunmediated ‡bn ‡2rdamedia | |
| 338 | . | ‡avolume ‡bnc ‡2rdacarrier | |
| 340 | . | ‡nlarge print ‡2rdafs | |
| 490 | 0 | . | ‡aSkirmish Cove ; ‡v2 |
| 500 | . | ‡aRegular print version previously published by Scrivenings Press. | |
| 520 | . | ‡a"Murder strikes Skirmish Cove during the coastal town's winter carnival. Jillian Tunney, part owner of the nearby Novel Inn, discovers the body of a clerk at her favorite bookstore. With her sister Kate and brother, Officer Rick Gage, she tries to find out who killed him. Meanwhile, Jillian is immersed in redecorating one of the themed rooms, but Kate is annoyed when a mysterious guest at the inn doesn't want to leave his room. The innkeepers find they have way too many secrets to solve."-- ‡cProvided by publisher. | |
| 650 | 0. | ‡aHotelkeepers ‡vFiction. ‡0(LARL_NWRL_CONSORTIUM)165689 | |
| 650 | 0. | ‡aMurder ‡xInvestigation ‡vFiction. ‡0(LARL_NWRL_CONSORTIUM)166203 | |
| 650 | 0. | ‡aSiblings ‡vFiction. | |
| 650 | 0. | ‡aSmall cities ‡vFiction. | |
| 650 | 0. | ‡aLarge type books. ‡0(LARL_NWRL_CONSORTIUM)24284 | |
| 651 | 0. | ‡aMaine ‡vFiction. ‡0(LARL_NWRL_CONSORTIUM)166017 | |
| 655 | 7. | ‡aCozy mysteries. ‡2lcgft | |
| 655 | 7. | ‡aDetective and mystery fiction. ‡2lcgft | |
| 655 | 7. | ‡aChristian fiction. ‡2lcgft | |
| 655 | 7. | ‡aLarge print books. ‡2lcgft | |
| 901 | . | ‡a413130 ‡b ‡c413130 ‡tbiblio | |

Add to basket
Permalink
Disable Highlighting